000 nam a22 7a 4500
999 _c8967
_d8967
008 180122b ||||| |||| 00| 0 eng d
100 _aBaig.M.I.etal.
_95267
245 _aIntegrated Mathematics
260 _aNew Delhi
_bNavdheep
_c1999